000
00266nam a22001097a 4500
008
170125b xxu||||| |||| 00| 0 eng d
020
_a
9780923947156
041
_a
eng
080
_2
11TH
_a
61
245
_a
INTERNATIONAL TRAVEL HEALTH GUIDE
_c
ROSE, S.R
942
_2
udc
_c
BK
999
_c
3688
_d
3688